Drum and Bass (DnB) Artists by Picture - Statistics

General Stats
  • This quiz has been taken 160 times
  • The average score is 8 of 20
Answer Stats
Picture Answer % Correct
Chase & Status
71%
Sub Focus
71%
Dimension
65%
Hedex
65%
A.M.C
56%
Koven
56%
Wilkinson
54%
Camo & Krooked
50%
Kanine
49%
Andy C
44%
Pendulum
40%
Friction
38%
Noisia
37%
Fox Stevenson
32%
Mefjus
25%
MUZZ
22%
Macky Gee
20%
Alix Perez
16%
Pythius
12%
Teddy Killerz
7%
No matching quizzes found
Score Distribution
Percent of People with Each Score
Percentile by Number Answered
Your Score History
You have not taken this quiz